[Event "Stay Safe Play From Home 240"]
[Site "Emanuel Lasker Arena"]
[Date "2020.06.19"]
[Round "3"]
[White "Timbre"]
[Black "Shyamph1980"]
[Result "1/2-1/2"]
[WhiteElo "1717"]
[BlackElo "1662"]
[Annotator "NA RC"]
[PlyCount "77"]
[EventDate "2020.06.19"]
[EventType "swiss (blitz)"]

1. d4 {[%emt 0:00:03]} d5 {[%emt 0:00:02]} 2. Nf3 {[%emt 0:00:02]} c6 {[%emt 0:00:01]} 3. c3 {[%emt 0:00:01]} g6 {[%emt 0:00:06]} 4. Bf4 {[%emt 0:00:01]} Bg7 {[%emt 0:00:01]} 5. e3 {[%emt 0:00:01]} Nf6 {[%emt 0:00:01]} 6. Be2 {[%emt 0:00:01]} Nh5 {[%emt 0:00:01]} 7. Bg5 {[%emt 0:00:03]} Bf6 {[%emt 0:00:09]} 8. Bxf6 {[%emt 0:00:04]} Nxf6 {[%emt 0:00:02]} 9. O-O {[%emt 0:00:02]} O-O {[%emt 0:00:02]} 10. Nbd2 {[%emt 0:00:01]} Nbd7 {[%emt 0:00:02]} 11. Qc2 {[%emt 0:00:02]} Re8 {[%emt 0:00:01]} 12. e4 {[%emt 0:00:01]} e5 {[%emt 0:00:08]} 13. dxe5 {[%emt 0:00:03]} Nxe5 {[%emt 0:00:01]} 14. exd5 {[%emt 0:00:02]} Nxd5 {[%emt 0:00:06]} 15. Nxe5 {[%emt 0:00:03]} Rxe5 {[%emt 0:00:03]} 16. Nf3 {[%emt 0:00:05]} Re8 {[%emt 0:00:04]} 17. h3 {[%emt 0:00:02]} Bf5 {[%emt 0:00:02]} 18. Bd3 {[%emt 0:00:03]} Bxd3 {[%emt 0:00:04]} 19. Qxd3 {[%emt 0:00:02]} Nf4 {[%emt 0:00:01]} 20. Qc2 {[%emt 0:00:06]} Qc7 {[%emt 0:00:06]} 21. Rae1 {[%emt 0:00:06]} Rad8 {[%emt 0:00:03]} 22. Rxe8+ {[%emt 0:00:03]} Rxe8 {[%emt 0:00:03]} 23. Qd2 {[%emt 0:00:05]} Re2 {[%emt 0:00:06]} 24. Qc1 {[%emt 0:00:10]} Re8 {[%emt 0:00:30]} 25. Re1 {[%emt 0:00:05]} Rxe1+ {[%emt 0:00:02]} 26. Qxe1 {[%emt 0:00:01]} Kg7 {[%emt 0:00:02]} 27. Nh2 {[%emt 0:00:06]} Nd3 {[%emt 0:00:05]} 28. Qd2 {[%emt 0:00:06]} Qd6 {[%emt 0:00:05]} 29. Ng4 {[%emt 0:00:09]} h5 {[%emt 0:00:42]} 30. Ne3 {[%emt 0:00:17]} c5 {[%emt 0:00:16]} 31. c4 {[%emt 0:00:11]} Qd4 {[%emt 0:00:04]} 32. b3 {[%emt 0:00:08]} b6 {[%emt 0:00:07]} 33. Qe2 {[%emt 0:00:08]} Nf4 {[%emt 0:00:03]} 34. Qf3 {[%emt 0:00:07]} Nd3 {[%emt 0:00:15]} 35. Nd5 {[%emt 0:00:06]} Ne1 {[%emt 0:00:06]} 36. Qg3 {[%emt 0:00:17]} Nd3 {[%emt 0:00:07]} 37. Qf3 {[%emt 0:00:06]} Ne1 {[%emt 0:00:02]} 38. Qg3 {[%emt 0:00:01]} Nd3 {[%emt 0:00:01]} 39. Qf3 {[%emt 0:00:02] (Lag: Av=0.54s, max=0.7s)} 1/2-1/2

[Event "Stay Safe Play From Home 240"]
[Site "Emanuel Lasker Arena"]
[Date "2020.06.19"]
[Round "3"]
[White "Germanicus G"]
[Black "Haris kollari 13"]
[Result "0-1"]
[WhiteElo "1642"]
[BlackElo "2001"]
[Annotator "NA RC"]
[PlyCount "80"]
[EventDate "2020.06.19"]
[EventType "swiss (blitz)"]

1. d4 {[%emt 0:01:04]} b6 {[%emt 0:00:10]} 2. Nf3 {[%emt 0:00:01]} Bb7 {[%emt 0:00:01]} 3. g3 {[%emt 0:00:00]} g6 {[%emt 0:00:03]} 4. Bg2 {[%emt 0:00:01]} Bg7 {[%emt 0:00:01]} 5. O-O {[%emt 0:00:01]} h5 {[%emt 0:00:02]} 6. h4 {[%emt 0:00:02]} Nc6 {[%emt 0:00:03]} 7. c3 {[%emt 0:00:02]} e6 {[%emt 0:00:04]} 8. e4 {[%emt 0:00:02]} Nge7 {[%emt 0:00:01]} 9. Bg5 {[%emt 0:00:04]} f6 {[%emt 0:00:01]} 10. Be3 {[%emt 0:00:01]} Bh6 {[%emt 0:00:12]} 11. Bxh6 {[%emt 0:00:06]} Rxh6 {[%emt 0:00:01]} 12. Nbd2 {[%emt 0:00:02]} d6 {[%emt 0:00:05]} 13. Qb3 {[%emt 0:00:07]} Qd7 {[%emt 0:00:02]} 14. d5 {[%emt 0:00:08]} exd5 {[%emt 0:00:03]} 15. exd5 {[%emt 0:00:04]} Ne5 {[%emt 0:00:01]} 16. Nxe5 {[%emt 0:00:04]} dxe5 {[%emt 0:00:05]} 17. c4 {[%emt 0:00:01]} O-O-O {[%emt 0:00:01]} 18. Qe3 {[%emt 0:00:14]} Rhh8 {[%emt 0:00:02]} 19. Qe4 {[%emt 0:00:04]} Rhg8 {[%emt 0:00:09]} 20. b4 {[%emt 0:00:05]} Kb8 {[%emt 0:00:03]} 21. a4 {[%emt 0:00:15]} Qd6 {[%emt 0:00:01]} 22. Rfb1 {[%emt 0:00:07]} f5 {[%emt 0:00:01]} 23. Qe2 {[%emt 0:00:06]} e4 {[%emt 0:00:03]} 24. Qe3 {[%emt 0:00:04]} g5 {[%emt 0:00:05]} 25. hxg5 {[%emt 0:00:02]} Ng6 {[%emt 0:00:01]} 26. a5 {[%emt 0:00:04]} h4 {[%emt 0:00:04]} 27. axb6 {[%emt 0:00:07]} axb6 {[%emt 0:00:01]} 28. c5 {[%emt 0:00:04]} Qxd5 {[%emt 0:00:06]} 29. cxb6 {[%emt 0:00:03]} cxb6 {[%emt 0:00:01]} 30. Nb3 {[%emt 0:00:09]} hxg3 {[%emt 0:00:02]} 31. Qxg3+ {[%emt 0:00:05]} Qe5 {[%emt 0:00:01]} 32. Qe3 {[%emt 0:00:05]} Rd6 {[%emt 0:00:08]} 33. Nc5 {[%emt 0:00:05]} bxc5 {[%emt 0:00:06]} 34. bxc5 {[%emt 0:00:01]} Rd3 {[%emt 0:00:01]} 35. c6 {[%emt 0:00:09]} Qxa1 {[%emt 0:00:13]} 36. Qc1 {[%emt 0:00:12]} Qc3 {[%emt 0:00:15]} 37. Rxb7+ {[%emt 0:00:04]} Kc8 {[%emt 0:00:01]} 38. Qf4 {[%emt 0:00:08]} Rd1+ {[%emt 0:00:27]} 39. Kh2 {[%emt 0:00:01]} Rh8+ {[%emt 0:00:02]} 40. Bh3 {[%emt 0:00:04]} Qxh3# {[%emt 0:00:02] (Lag: Av=0.31s, max=0.4s)} 0-1

[Event "Stay Safe Play From Home 240"]
[Site "Emanuel Lasker Arena"]
[Date "2020.06.19"]
[Round "3"]
[White "Robk"]
[Black "Haxhi Baha"]
[Result "1/2-1/2"]
[WhiteElo "1532"]
[BlackElo "1935"]
[Annotator "TA"]
[PlyCount "153"]
[EventDate "2020.06.19"]
[EventType "swiss (blitz)"]

{[%evp 13,153,0,0,-26,-27,-53,-47,-45,218,-20,-20,-74,0,-9,0,-112,-115,-216,-221,-221,-214,-181,-41,-142,0,0,12,0,5,-72,-61,-71,-84,-97,-58,-114,60,6,56,8,335,324,460,269,267,275,272,166,664,209,2020,1784,12248,8675,6203,7928,12796,8893,6211,10166,29967,29968,29958,29967,29967,29969,29970,29967,29967,29968,29971,29971,29984,6045,29969,29970,29960,4133,29965,29965,29960,3729,3632,3556,1987,1656,1398,0,1052,839,599,170,163,114,155,0,0,0,0,0,0,0,0,0,0,0,0,0,984,599,29962,29966,29982,29978,29980,29978,29993,29994,29994,29995,29997,29981,29981,29982,29986,29987,29990,29991,29991,29980,29980,29982,29981,29982,29982,29983,29984,0,0,0,0,0]} 1. e4 c5 2. Nf3 Nc6 3. d4 cxd4 4. Nxd4 g6 5. Nc3 Bg7 6. Be3 Nf6 7. f3 O-O 8. Be2 {B34: Sicilian: Accelerated Dragon with 5 Nc3: sidelines.} d5 9. Qd2 dxe4 10. fxe4 {Black is slightly better.} Bg4 $2 {[%mdl 8192]} (10... Nxd4 $15 11. Qxd4 Ng4 12. Qxd8 Rxd8) 11. O-O-O $2 (11. Nxc6 $18 bxc6 12. e5 Bxe2 13. Qxd8 Rfxd8 14. exf6) 11... Qa5 {[#]} 12. Kb1 $146 (12. Bf3 $11) ({Predecessor:} 12. h3 Bxe2 13. Qxe2 Rac8 14. Nb3 Qc7 15. Qf2 b6 16. g4 Qb7 17. Kb1 Nb4 18. a3 Nxe4 19. Nxe4 Rxc2 20. Rd2 Rxd2 21. Nexd2 Qxh1+ 22. Qg1 Qxg1+ 23. Bxg1 Nd5 {0-1 (23) Rychtecky,P (1547)-Novotny,J (1780) Klatovy 2018}) 12... Nxd4 (12... Rfd8 $17 13. Qe1 Bxe2 14. Ndxe2 Rxd1+ 15. Qxd1 Ng4) 13. Bxd4 $11 Rad8 14. Bxg4 (14. Qe1 $11 {remains equal.} e5 15. Be3) 14... Nxg4 $17 15. Nd5 (15. e5 $17) 15... Qxd2 $19 16. Rxd2 Bxd4 17. Rxd4 Kg7 (17... e6 $19 18. e5 Nxe5 19. Nf6+ Kg7 20. Rxd8 Rxd8) 18. h3 ({Better is} 18. Ra4 $15) 18... Nf6 (18... Nf2 $1 $17 {[%cal Rf2h1]} 19. Rf1 e5) 19. Rhd1 $11 e6 20. Nxf6 Rxd4 21. Rxd4 (21. Nh5+ $11 {keeps the balance.} gxh5 22. Rxd4) 21... Kxf6 {[%mdl 4096] Endgame KR-KR} 22. Rd7 Ke5 $1 23. Rxb7 Kxe4 24. Rxa7 {[#]} (24. Rb3 $15) 24... e5 $2 ({Black should play} 24... Ke3 $1 $17) 25. a4 (25. Ra3 $14) 25... Kf4 {White should prevent ...Kg3.} 26. a5 {[%cal Ba4a5,Ba5a6,Ba6a7][%mdl 32]} e4 $2 {[%mdl 8192]} (26... f5 $1 $11) 27. a6 $18 f5 (27... e3 {is a better defense.}) 28. Rb7 (28. Re7 $142) 28... Ra8 {Threatens to win with ...Kg3.} 29. a7 e3 {aiming for ...Kg3.} 30. Re7 {Hoping for Kc1.} ({Wrong is} 30. Rxh7 $2 Kg3 $19) 30... g5 $2 (30... e2 31. Rxe2 Rxa7) 31. b4 $2 (31. Kc1) 31... Kg3 $2 (31... e2 32. Rxe2 Rxa7) 32. Rxe3+ Kxg2 33. Re7 f4 34. b5 f3 35. b6 f2 36. Rf7 h5 37. b7 Rxa7 {[#]} 38. Rxf2+ $1 {[%mdl 576] Promotion} Kxf2 39. b8=Q {KQ-KR} Rf7 40. Qh2+ Kf3 41. Qh1+ Kg3 42. Qg1+ Kh4 43. Qg2 (43. Qe1+ $142 Kxh3 44. Qe6+ {[%mdl 64] Double Attack} g4 45. Qxf7 g3 46. Qxh5+ Kg2 47. c4 Kf2 48. c5) 43... g4 44. hxg4 hxg4 45. Kb2 (45. c4 $142 g3 46. c5 Rf2 47. Qe4+ Kh3 48. c6 Rf1+ 49. Kb2 Kh2 50. c7 Rf2+ 51. Kb3) 45... g3 46. Qe4+ Kg5 47. Qe5+ (47. Qd3 $142 Rb7+ 48. Kc3 Rb1 49. Qxg3+ Kf6 50. Kd2 Ke6 51. Qg6+ Kd7 52. c4) 47... Kg4 48. Qe6+ Rf5 49. Qg6+ Rg5 50. Qe6+ $2 ({White should try} 50. Qc6 $18 Rf5 51. Qg6+ Rg5 52. Qe4+ Kh5 53. Qh1+ Kg4 54. c4) 50... Kf3 $2 {[%mdl 8192]} (50... Rf5 $11 51. Kc3 Kg5) 51. Qf6+ Kg4 52. c4 $2 (52. Qc6) 52... g2 53. Qd4+ Kh3 {[#]} 54. Qe3+ $2 (54. Qg1 $1 $16 {Black must now prevent c5.} Rf5 55. Qe3+ Kh2 56. Qh6+ Kg1 57. Kc3) 54... Rg3 $11 55. Qg1 {And now c5 would win.} Rf3 $1 56. Qb6 Rf1 57. Qh6+ Kg3 58. Qg6+ Kh2 59. Qh5+ Kg1 60. c5 Rf2+ $2 {[%mdl 8192]} (60... Kf2 $11 61. Qf5+ Kg3 62. Qe5+ Kf3 63. Qc3+ Kf4 64. Qf6+ Kg3 65. Qg6+ Kf3 66. Qf6+ Ke2 67. Qe5+ Kf3 68. Qh5+ Kg3 69. Qe5+ Kf3) 61. Kc3 $18 Ra2 62. c6 Kf1 63. Qf3+ Ke1 64. Qg3+ Rf2 65. c7 Kf1 66. c8=Q g1=Q 67. Qxg1+ Kxg1 {KQ-KR} 68. Kd3 Kh1 69. Ke3 Rg2 70. Kf3 Kg1 71. Qh3 {[%csl Gf3][%cal Rh3g2]} Rf2+ 72. Ke3 Re2+ 73. Kd3 Rg2 74. Qe3+ Kh2 75. Qf3 $2 (75. Qe5+ {mates} Rg3+ 76. Ke2 Kg2 77. Qe4+ Kh3 78. Qh1+ Kg4 79. Kf2 Rh3 80. Qe4+ Kg5 81. Qe5+ Kg4 82. Qe6+ Kh4 83. Qe7+ Kh5 84. Qh7+ Kg4 85. Qd7+ Kh4 86. Qe6) 75... Rg3 $11 76. Ke3 Rxf3+ 77. Kxf3 {A wild game. Accuracy: White = 44%, Black = 37%.} 1/2-1/2

[Event "Stay Safe Play From Home 240"]
[Site "Emanuel Lasker Arena"]
[Date "2020.06.19"]
[Round "4"]
[White "Haris kollari 13"]
[Black "Chase the sun"]
[Result "0-1"]
[WhiteElo "2005"]
[BlackElo "1799"]
[Annotator "NA RC"]
[PlyCount "116"]
[EventDate "2020.06.19"]
[EventType "swiss (blitz)"]

1. e4 {[%emt 0:00:01]} e6 {[%emt 0:00:10]} 2. d4 {[%emt 0:00:02]} d5 {[%emt 0:00:00]} 3. e5 {[%emt 0:00:01]} c5 {[%emt 0:00:01]} 4. c3 {[%emt 0:00:01]} Nc6 {[%emt 0:00:01]} 5. f4 {[%emt 0:00:01]} Qb6 {[%emt 0:00:02]} 6. Nf3 {[%emt 0:00:01]} Nh6 {[%emt 0:00:01]} 7. b3 {[%emt 0:00:09]} cxd4 {[%emt 0:00:01]} 8. cxd4 {[%emt 0:00:01]} Bb4+ {[%emt 0:00:01]} 9. Ke2 {[%emt 0:00:07]} Nf5 {[%emt 0:00:02]} 10. Bb2 {[%emt 0:00:02]} h5 {[%emt 0:00:04]} 11. Kf2 {[%emt 0:00:07]} O-O {[%emt 0:00:03]} 12. a3 {[%emt 0:00:13]} Be7 {[%emt 0:00:02]} 13. b4 {[%emt 0:00:01]} f6 {[%emt 0:00:01]} 14. Be2 {[%emt 0:00:25]} fxe5 {[%emt 0:00:02]} 15. fxe5 {[%emt 0:00:01]} Ncxd4 {[%emt 0:00:15]} 16. Nxd4 {[%emt 0:00:20]} Nxd4+ {[%emt 0:00:10]} 17. Ke1 {[%emt 0:00:05]} Nxe2 {[%emt 0:00:38]} 18. Qxe2 {[%emt 0:00:02]} Bd7 {[%emt 0:00:01]} 19. Nc3 {[%emt 0:00:04]} a5 {[%emt 0:00:06]} 20. b5 {[%emt 0:00:03]} Rac8 {[%emt 0:00:07]} 21. a4 {[%emt 0:00:07]} Qd4 {[%emt 0:00:09]} 22. Rd1 {[%emt 0:00:08]} Qh4+ {[%emt 0:00:23]} 23. g3 {[%emt 0:00:01]} Qh3 {[%emt 0:00:01]} 24. Na2 {[%emt 0:00:13]} h4 {[%emt 0:00:13]} 25. Rd3 {[%emt 0:00:06]} Be8 {[%emt 0:00:10]} 26. Rg1 {[%emt 0:00:21]} hxg3 {[%emt 0:00:06]} 27. Rdxg3 {[%emt 0:00:05]} Bh4 {[%emt 0:00:02]} 28. Nc1 {[%emt 0:00:26]} Bg6 {[%emt 0:00:10]} 29. Kd1 {[%emt 0:00:14]} Bxg3 {[%emt 0:00:09]} 30. Rxg3 {[%emt 0:00:02]} Qh6 {[%emt 0:00:02]} 31. Bc3 {[%emt 0:00:10]} Bh5 {[%emt 0:00:05]} 32. Bd2 {[%emt 0:00:07]} Bxe2+ {[%emt 0:00:02]} 33. Nxe2 {[%emt 0:00:02]} Qxh2 {[%emt 0:00:03]} 34. Rg1 {[%emt 0:00:01]} Rf2 {[%emt 0:00:03]} 35. Re1 {[%emt 0:00:01]} Rcf8 {[%emt 0:00:03]} 36. Be3 {[%emt 0:00:06]} Rf1 {[%emt 0:00:03]} 37. Bc5 {[%emt 0:00:07]} Rxe1+ {[%emt 0:00:02]} 38. Kxe1 {[%emt 0:00:00]} Rc8 {[%emt 0:00:04]} 39. Bg1 {[%emt 0:00:05]} Rc1+ {[%emt 0:00:03]} 40. Nxc1 {[%emt 0:00:01]} Qxg1+ {[%emt 0:00:01]} 41. Kd2 {[%emt 0:00:01]} Qg5+ {[%emt 0:00:02]} 42. Kc2 {[%emt 0:00:01]} Qxe5 {[%emt 0:00:00]} 43. Nd3 {[%emt 0:00:01]} Qe4 {[%emt 0:00:02]} 44. Kd2 {[%emt 0:00:02]} Qxa4 {[%emt 0:00:04]} 45. b6 {[%emt 0:00:01]} Qb5 {[%emt 0:00:05]} 46. Nf4 {[%emt 0:00:03]} Qxb6 {[%emt 0:00:02]} 47. Kd3 {[%emt 0:00:01]} a4 {[%emt 0:00:03]} 48. Ng6 {[%emt 0:00:05]} a3 {[%emt 0:00:03]} 49. Ne5 {[%emt 0:00:01]} a2 {[%emt 0:00:05]} 50. Nd7 {[%emt 0:00:00]} Qb3+ {[%emt 0:00:04]} 51. Kd4 {[%emt 0:00:01]} a1=Q+ {[%emt 0:00:01]} 52. Kc5 {[%emt 0:00:02]} Qa7+ {[%emt 0:00:04]} 53. Kd6 {[%emt 0:00:01]} Qb4+ {[%emt 0:00:03]} 54. Kxe6 {[%emt 0:00:01]} Qe4+ {[%emt 0:00:05]} 55. Kd6 {[%emt 0:00:01]} Qa3+ {[%emt 0:00:02]} 56. Kc7 {[%emt 0:00:01]} Qae7 {[%emt 0:00:03]} 57. Kb8 {[%emt 0:00:01]} Qxd7 {[%emt 0:00:02]} 58. Ka7 {[%emt 0:00:01]} b5+ {[%emt 0:00:01] Haris kollari 13 resigns (Lag: Av=0.52s, max=1.2s)} 0-1

[Event "Stay Safe Play From Home 240"]
[Site "Emanuel Lasker Arena"]
[Date "2020.06.19"]
[Round "4"]
[White "Haxhi Baha"]
[Black "Timbre"]
[Result "1-0"]
[WhiteElo "1921"]
[BlackElo "1715"]
[Annotator "TA"]
[PlyCount "37"]
[EventDate "2020.06.19"]
[EventType "swiss (blitz)"]

{[%evp 12,37,48,37,79,39,42,16,10,-11,-8,-7,-6,-50,-13,0,0,0,1,6,221,193,458,454,808,789,1474,1181]} 1. e4 c6 2. Nf3 d5 3. Nc3 Bg4 4. h3 Bxf3 5. Qxf3 dxe4 6. Nxe4 e6 7. Bc4 Be7 {B11: Caro-Kann: Two Knights Variation.} 8. d3 (8. Qg3 {looks sharper.} g6 9. Qb3 b5 10. Be2 Nd7 11. Qc3) 8... Nf6 9. Bd2 Nbd7 {[#] The position is equal.} 10. Bb3 $146 ({Predecessor:} 10. Bc3 Nxe4 11. dxe4 {½-½ (12) Ajvazi,R (2120)-Zhdrella,F (1955) Pristina 2017}) 10... a5 {Threatens to win with ...a4.} 11. a4 O-O 12. g4 h6 13. h4 Nxe4 14. dxe4 Bxh4 15. O-O-O Ne5 $2 {[#] This costs Black the game.} (15... Qf6 $11 {and Black has nothing to worry.} 16. Qxf6 Bxf6) 16. Qh3 $1 $18 {Hoping for Be3.} Bg5 $2 (16... Bxf2 17. g5 Qe7) 17. f4 {White is clearly winning.} Bxf4 (17... Qxd2+ $142 18. Kxd2 Bxf4+ 19. Ke2 Ng6) 18. Bxf4 Ng6 19. Bxh6 {Accuracy: White = 75%, Black = 26%.} 1-0

[Event "Stay Safe Play From Home 240"]
[Site "Emanuel Lasker Arena"]
[Date "2020.06.19"]
[Round "4"]
[White "Shyamph1980"]
[Black "Bishop91"]
[Result "0-1"]
[WhiteElo "1665"]
[BlackElo "1804"]
[Annotator "NA RC"]
[PlyCount "62"]
[EventDate "2020.06.19"]
[EventType "swiss (blitz)"]

1. e4 {[%emt 0:00:02]} e5 {[%emt 0:00:02]} 2. Nf3 {[%emt 0:00:01]} Nc6 {[%emt 0:00:00]} 3. Bc4 {[%emt 0:00:01]} Be7 {[%emt 0:00:02]} 4. Nc3 {[%emt 0:00:01]} Nf6 {[%emt 0:00:01]} 5. O-O {[%emt 0:00:02]} O-O {[%emt 0:00:00]} 6. Re1 {[%emt 0:00:01]} d6 {[%emt 0:00:03]} 7. h3 {[%emt 0:00:02]} Be6 {[%emt 0:00:05]} 8. Nd5 {[%emt 0:00:09]} Bxd5 {[%emt 0:00:18]} 9. exd5 {[%emt 0:00:04]} Na5 {[%emt 0:00:01]} 10. Qe2 {[%emt 0:00:19]} Nxc4 {[%emt 0:00:16]} 11. Qxc4 {[%emt 0:00:03]} Qd7 {[%emt 0:00:00]} 12. d4 {[%emt 0:00:13]} e4 {[%emt 0:00:05]} 13. Nd2 {[%emt 0:00:02]} Qf5 {[%emt 0:00:04]} 14. Nxe4 {[%emt 0:00:31]} Nxe4 {[%emt 0:00:19]} 15. f3 {[%emt 0:00:02]} Bh4 {[%emt 0:00:13]} 16. Rxe4 {[%emt 0:00:03]} Rfe8 {[%emt 0:00:03]} 17. Rxh4 {[%emt 0:00:29]} Re1+ {[%emt 0:00:04]} 18. Kh2 {[%emt 0:00:01]} g5 {[%emt 0:00:16]} 19. Rg4 {[%emt 0:00:07]} h6 {[%emt 0:00:08]} 20. Qd3 {[%emt 0:00:08]} Qd7 {[%emt 0:00:10]} 21. Re4 {[%emt 0:00:11]} Re8 {[%emt 0:00:04]} 22. Rxe8+ {[%emt 0:00:05]} Qxe8 {[%emt 0:00:02]} 23. b3 {[%emt 0:00:00]} c5 {[%emt 0:00:15]} 24. dxc5 {[%emt 0:00:02]} Qe5+ {[%emt 0:00:02]} 25. Bf4 {[%emt 0:00:33]} Qxa1 {[%emt 0:00:31]} 26. Bxd6 {[%emt 0:00:02]} Rh1+ {[%emt 0:00:01]} 27. Kg3 {[%emt 0:00:02]} Qe1+ {[%emt 0:00:00]} 28. Kg4 {[%emt 0:00:04]} Qf2 {[%emt 0:00:07]} 29. Bg3 {[%emt 0:00:23]} h5+ {[%emt 0:00:09]} 30. Kf5 {[%emt 0:00:05]} Qxg3 {[%emt 0:00:02]} 31. d6 {[%emt 0:00:00]} Qf4# {[%emt 0:00:06] (Lag: Av=0.65s, max=0.9s)} 0-1

[Event "Stay Safe Play From Home 240"]
[Site "Emanuel Lasker Arena"]
[Date "2020.06.19"]
[Round "4"]
[White "Robk"]
[Black "Germanicus G"]
[Result "1-0"]
[WhiteElo "1546"]
[BlackElo "1639"]
[Annotator "NA RC"]
[PlyCount "105"]
[EventDate "2020.06.19"]
[EventType "swiss (blitz)"]

1. e4 {[%emt 0:00:03]} e6 {[%emt 0:00:01]} 2. d4 {[%emt 0:00:01]} d5 {[%emt 0:00:01]} 3. e5 {[%emt 0:00:04]} c5 {[%emt 0:00:02]} 4. c3 {[%emt 0:00:01]} Nc6 {[%emt 0:00:02]} 5. Nf3 {[%emt 0:00:02]} Qb6 {[%emt 0:00:02]} 6. Be2 {[%emt 0:00:14]} cxd4 {[%emt 0:00:03]} 7. cxd4 {[%emt 0:00:02]} Nge7 {[%emt 0:00:03]} 8. Na3 {[%emt 0:00:03]} Nf5 {[%emt 0:00:03]} 9. Nc2 {[%emt 0:00:02]} Bb4+ {[%emt 0:00:06]} 10. Kf1 {[%emt 0:00:04]} Be7 {[%emt 0:00:07]} 11. g3 {[%emt 0:00:09]} O-O {[%emt 0:00:04]} 12. Kg2 {[%emt 0:00:02]} Bd7 {[%emt 0:00:13]} 13. h4 {[%emt 0:00:02]} f6 {[%emt 0:00:08]} 14. g4 {[%emt 0:00:12]} Nh6 {[%emt 0:00:26]} 15. Bxh6 {[%emt 0:00:02]} gxh6 {[%emt 0:00:02]} 16. Qd2 {[%emt 0:00:01]} Kg7 {[%emt 0:00:06]} 17. g5 {[%emt 0:00:24]} fxe5 {[%emt 0:00:19]} 18. dxe5 {[%emt 0:00:14]} hxg5 {[%emt 0:00:22]} 19. hxg5 {[%emt 0:00:02]} Rf5 {[%emt 0:00:05]} 20. Bd3 {[%emt 0:00:10]} Raf8 {[%emt 0:00:14]} 21. Bxf5 {[%emt 0:00:10]} Rxf5 {[%emt 0:00:04]} 22. Rh6 {[%emt 0:00:17]} Nxe5 {[%emt 0:00:06]} 23. Rah1 {[%emt 0:00:18]} Kf7 {[%emt 0:00:30]} 24. Rxh7+ {[%emt 0:00:04]} Ke8 {[%emt 0:00:01]} 25. Rh8+ {[%emt 0:00:04]} Bf8 {[%emt 0:00:01]} 26. Nxe5 {[%emt 0:00:07]} Rxe5 {[%emt 0:00:10]} 27. g6 {[%emt 0:00:05]} Ke7 {[%emt 0:00:28]} 28. R1h7+ {[%emt 0:00:15]} Kd6 {[%emt 0:00:01]} 29. Rxf8 {[%emt 0:00:03]} Bc6 {[%emt 0:00:06]} 30. Qb4+ {[%emt 0:00:03]} Qxb4 {[%emt 0:00:02]} 31. Nxb4 {[%emt 0:00:01]} d4+ {[%emt 0:00:00]} 32. Nxc6 {[%emt 0:00:01]} bxc6 {[%emt 0:00:01]} 33. Rd8+ {[%emt 0:00:04]} Kc5 {[%emt 0:00:02]} 34. g7 {[%emt 0:00:01]} Rg5+ {[%emt 0:00:01]} 35. Kf1 {[%emt 0:00:02]} e5 {[%emt 0:00:01]} 36. g8=Q {[%emt 0:00:02]} Rxg8 {[%emt 0:00:02]} 37. Rxg8 {[%emt 0:00:01]} Kc4 {[%emt 0:00:00]} 38. Rxa7 {[%emt 0:00:02]} c5 {[%emt 0:00:01]} 39. Rc7 {[%emt 0:00:02]} e4 {[%emt 0:00:00]} 40. Rgc8 {[%emt 0:00:02]} Kd3 {[%emt 0:00:01]} 41. Rxc5 {[%emt 0:00:02]} e3 {[%emt 0:00:00]} 42. fxe3 {[%emt 0:00:02]} Kxe3 {[%emt 0:00:01]} 43. Ke1 {[%emt 0:00:02]} Kd3 {[%emt 0:00:01]} 44. Kd1 {[%emt 0:00:01]} Ke3 {[%emt 0:00:01]} 45. a4 {[%emt 0:00:01]} Kd3 {[%emt 0:00:02]} 46. Rd8 {[%emt 0:00:02]} Ke3 {[%emt 0:00:01]} 47. Rcd5 {[%emt 0:00:00]} d3 {[%emt 0:00:01]} 48. Rxd3+ {[%emt 0:00:01]} Ke4 {[%emt 0:00:00]} 49. Rh3 {[%emt 0:00:03]} Ke5 {[%emt 0:00:01]} 50. Rb8 {[%emt 0:00:02]} Kd6 {[%emt 0:00:01]} 51. Rb5 {[%emt 0:00:01]} Kc6 {[%emt 0:00:02]} 52. Rh6+ {[%emt 0:00:01]} Kc7 {[%emt 0:00:01]} 53. Rg5 {[%emt 0:00:02] Germanicus G gibt auf (Lag: Av=0.33s, max=0.8s)} 1-0

[Event "Stay Safe Play From Home 240"]
[Site "Emanuel Lasker Arena"]
[Date "2020.06.19"]
[Round "5"]
[White "mehrdadahouran"]
[Black "Haxhi Baha"]
[Result "1-0"]
[WhiteElo "2041"]
[BlackElo "1929"]
[Annotator "TA"]
[PlyCount "135"]
[EventDate "2020.06.19"]
[EventType "swiss (blitz)"]

{[%evp 10,135,57,30,36,-40,-8,-15,-16,-39,-41,-26,-7,-6,41,0,7,17,14,5,44,36,27,29,64,12,11,14,80,82,79,54,46,59,77,90,101,82,87,76,290,278,269,271,392,399,433,427,403,390,632,625,567,535,726,518,529,507,752,729,2404,2363,1948,1406,818,404,406,370,524,622,607,618,606,609,612,595,610,539,611,589,546,452,519,0,1337,1162,1306,1293,12822,12814,29990,29991,29991,29992,29992,29993,29993,29994,29994,29991,29995,29990,29987,29988,29994,29990,29990,29986,29995,29994,29994,29989,29993,29994,29994,29995,29995,29996,29996,29992,29992,29993,29994,29992,29995,29995,29998,29999]} 1. d4 d5 2. c4 e5 3. dxe5 d4 4. Nf3 Nc6 {[%cal Bb8c6,Bc6e5,Be5d3][%mdl 32]} 5. a3 Nge7 6. e3 {[%cal Re3d4]} Bg4 {[#] 6...Nf5 is more advanced technology. D07: Queen's Gambit: Chigorin Defence.} 7. b4 $146 (7. Qb3 $14) ({Predecessor:} 7. exd4 Bxf3 {½-½ (7) Davtyan,A (2461)-Gadimbayli,A (2470) chess.com INT 2020}) 7... dxe3 8. Qxd8+ Rxd8 {The position is equal.} 9. Bxe3 Nxe5 10. Nbd2 N7g6 11. Be2 a5 12. c5 Nd3+ 13. Bxd3 Rxd3 14. h3 Bxf3 15. Nxf3 Be7 16. Ke2 $36 {[%mdl 2048] White has the initiative.} Rb3 17. Rhb1 (17. Nd2 $14 Rc3 18. bxa5) 17... Rxb1 $1 $11 18. Rxb1 a4 (18... axb4 $11 19. Rxb4 b6) 19. Rd1 $16 Bf6 20. g3 Ke7 21. Bd4 Bxd4 22. Nxd4 $14 {[%mdl 4096] Endgame KRN-KRN. Black is on the road to losing.} Ne5 23. Nf5+ Kf6 24. Ne3 {aiming for f4.} Re8 $2 (24... Rc8 $16) 25. Nd5+ $18 {[%mdl 64] Double Attack} Kf5 26. Nxc7 Rc8 (26... Re7 $142) 27. Nb5 {Black must now prevent Nd6+.} Ke6 28. Rd6+ Ke7 29. Rb6 Nc4 $2 (29... Rb8 30. Nd6 g6) 30. Rxb7+ Ke6 {[#]} 31. c6 $1 Ne5 (31... Rxc6 32. Nd4+) 32. c7 Kd7 33. f4 Nc4 34. Kd3 Nd6 35. Nxd6 Kxd6 {KR-KR} 36. Ra7 Kc6 37. Rxa4 (37. Ra5 $142 f6 38. Rc5+ Kb6 39. Kc4 Rxc7 40. Rxc7 Kxc7 41. Kb5) 37... Rxc7 38. Ra6+ Kb5 (38... Kb7 $142) 39. Ra5+ Kb6 40. a4 {[%cal Ba3a4,Ba4a5][%mdl 32]} Rc1 41. Rf5 f6 42. a5+ Ka6 43. g4 Rb1 44. Kc4 Rc1+ 45. Kb3 Rh1 46. Ka4 $2 (46. Rc5 $18) 46... Rxh3 $2 {[%mdl 8192]} (46... Ra1+ $11 47. Kb3 Rb1+ 48. Kc3 Rc1+ 49. Kb2 Rd1) 47. b5+ Kb7 48. g5 Rf3 49. gxf6 g6 {[#]} 50. f7 $1 {[%mdl 512] White mates.} gxf5 51. f8=Q Rxf4+ {KQ-KR} 52. Kb3 Rf3+ 53. Kc4 Rf1 54. Qf7+ Kb8 55. Qg8+ Kc7 56. Qxh7+ Kb8 57. Qg8+ Kc7 58. Qf7+ Kb8 59. Qe8+ Kc7 60. Qc6+ Kb8 61. Qd6+ Kc8 62. b6 {[%csl Gb6][%cal Rd6c7]} Rc1+ 63. Kb5 f4 64. Qf8+ Kd7 65. Qf5+ Kd8 66. Qxf4 Kc8 67. Qxc1+ Kb8 68. Qc7+ {Accuracy: White = 72%, Black = 37%.} 1-0